Renewable Energy Microfinancing in Rural Communities of Pakistan (Record no. 355498)
[ view plain ]
| 000 -LEADER | |
|---|---|
| fixed length control field | 00602nam a22002057a 4500 |
| 005 - DATE AND TIME OF LATEST TRANSACTION | |
| control field | 20231009131240.0 |
| 008 - FIXED-LENGTH DATA ELEMENTS--GENERAL INFORMATION | |
| fixed length control field | 141114b xxu||||| |||| 00| 0 eng d |
| 041 ## - LANGUAGE CODE | |
| Language code of text/sound track or separate title | eng |
| 082 ## - DEWEY DECIMAL CLASSIFICATION NUMBER | |
| Classification number | 333.794 |
| Author Mark | WAR 2014 |
| 100 0# - MAIN ENTRY--PERSONAL NAME | |
| Personal name | Warda Ajaz |
| 9 (RLIN) | 118011 |
| 245 ## - TITLE STATEMENT | |
| Title | Renewable Energy Microfinancing in Rural Communities of Pakistan |
| Statement of responsibility, etc. | Warda Ajaz; supervised by Dr. Parvez Akhter |
| 260 ## - PUBLICATION, DISTRIBUTION, ETC. | |
| Date of publication, distribution, etc. | 2014 |
| 300 ## - PHYSICAL DESCRIPTION | |
| Extent | xlv, 108, pages |
| Accompanying material | +CD-ROM |
| 502 ## - DISSERTATION NOTE | |
| Dissertation note | Thesis |
| 520 ## - SUMMARY, ETC. | |
| Summary, etc. | TH-2 |
| 650 ## - SUBJECT ADDED ENTRY--TOPICAL TERM | |
| Topical term or geographic name entry element | Renewable Resources |
| 9 (RLIN) | 118012 |
| 650 ## - SUBJECT ADDED ENTRY--TOPICAL TERM | |
| Topical term or geographic name entry element | Finance |
| 9 (RLIN) | 13793 |
| 700 1# - ADDED ENTRY--PERSONAL NAME | |
| Personal name | Dr.Akhter, Parvez |
| 9 (RLIN) | 118013 |
| 942 ## - ADDED ENTRY ELEMENTS (KOHA) | |
| Koha item type | Thesis |
| Source of classification or shelving scheme | |
| Withdrawn status | Lost status | Source of classification or shelving scheme | Damaged status | Not for loan | Permanent Location | Current Location | Date acquired | Full call number | Barcode | Date last seen | Price effective from | Koha item type | Shelving location | Total Checkouts |
|---|---|---|---|---|---|---|---|---|---|---|---|---|---|---|
| Central Library (CL) | Central Library (CL) | 03/09/2020 | 620.0011 WAR 2014 | CL-T-5362 | 03/09/2020 | 03/09/2020 | Thesis | Thesis | ||||||
| US-Pakistan Center for Advanced Studies in Energy (USPCAS-E) | US-Pakistan Center for Advanced Studies in Energy (USPCAS-E) | 09/14/2014 | 333.794 | CAS-ETH0000002 | 11/14/2014 | 11/14/2014 | Thesis |
